000 00444nab a2200145Ia 4500
003 ES-SlBCS
005 20210601131729.0
008 140529s1952 xxu||||| |||| 00| 0 fre d
041 _afre
100 1 _aFayol, André
_9188376
245 0 0 _aQuestions sur l'action collective chrétienne
_c André Fayol
650 0 4 _aAcción Colectiva-Cristianismo
_9188377
773 0 _tVie Intelectuelle (La)
_gnº. 3, 1952, págs. 73-76
_wRev907
942 _cAR
999 _c567786
_d567786